Statistics for Math Symbols

Click here to take the quiz!

General Stats

  • This quiz has been taken 248 times
  • The average score is 8 of 10

Answer Stats

SymbolName% Correct
-Minus
100%
+Plus
100%
÷Obelus
95%
×Times
95%
πPi
93%
Square Root
86%
Infinity
83%
Equals
80%
!Factorial
54%
ΣSumm
49%

Score Distribution

Percentile by Number Answered

Percent of People with Each Score

Your Score History

You have not taken this quiz